Suara - suara mangsa: Satu kajian sosiologikal mengenai kemalangan industri di Malaysia (Record no. 86284)

MARC details
000 -LEADER
fixed length control field 00647nam a2200205 i 4500
001 - CONTROL NUMBER
control field C2-0279669
003 - CONTROL NUMBER IDENTIFIER
control field PPAK
005 - DATE AND TIME OF LATEST TRANSACTION
control field 20180728010821.0
008 - FIXED-LENGTH DATA ELEMENTS--GENERAL INFORMATION
fixed length control field 070509s2004 my |||| ||||| | may d
040 ## - CATALOGING SOURCE
Original cataloging agency PPAK
Language of cataloging eng
Transcribing agency PPAK
Description conventions rda
100 0# - MAIN ENTRY--PERSONAL NAME
Personal name Junaidi Abu Bakar,
Relator term author
245 10 - TITLE STATEMENT
Title Suara - suara mangsa: Satu kajian sosiologikal mengenai kemalangan industri di Malaysia
264 #1 - PRODUCTION, PUBLICATION, DISTRIBUTION, MANUFACTURE, AND COPYRIGHT NOTICE
Place of production, publication, distribution, manufacture Bangi, Selangor :
Name of producer, publisher, distributor, manufacturer Universiti Kebangsaan Malaysia ,
Date of production, publication, distribution, manufacture, or copyright notice 2004
300 ## - PHYSICAL DESCRIPTION
Extent 210 pages ;
Dimensions 30 cm
336 ## - CONTENT TYPE
Source rdacontent
Content type term text
337 ## - MEDIA TYPE
Source rdamedia
Media type term unmediated
338 ## - CARRIER TYPE
Source rdacarrier
Carrier type term volume
500 ## - GENERAL NOTE
General note Tesis- Tidak boleh difotostat
942 ## - ADDED ENTRY ELEMENTS (KOHA)
-- dc
Koha item type Book
Holdings
Withdrawn Not for loan Current library Shelving location Date acquired Barcode Date last seen Koha item type
  Not For Loan Perpustakaan Baling Koleksi A.Rahmad 09/05/2007 A00508075 09/05/2018 Thesis